000
00272nam a22001337a 4500
008
180924b xxu||||| |||| 00| 0 eng d
020
_a
9780596001841
041
_a
eng
080
_a
004
100
_a
28
101
_a
SHKI
245
_a
ANT
_c
Tilly, J
942
_2
udc
_c
BK
999
_c
48382
_d
48382